|
|
|
|
| LEADER |
02518nam a2200409 a 4500 |
| 001 |
c000031053 |
| 003 |
CARM |
| 005 |
19970527000000.0 |
| 008 |
840308m19471982sz ac 000 0bger d |
| 019 |
1 |
|
|a 9699687
|z 42820180
|z 44016814
|5 LACONCORD2021
|
| 035 |
|
|
|a (OCoLC)733401
|5 LACONCORD2021
|
| 040 |
|
|
|a VLU
|b eng
|c VLU
|d SUA
|
| 043 |
|
|
|a e-gx---
|
| 100 |
1 |
|
|a Kaegi, Werner,
|d 1901-
|
| 245 |
1 |
0 |
|a Jacob Burckhardt :
|b eine Biographie /
|c von Werner Kaegi.
|
| 260 |
|
|
|a Basel :
|b B. Schwabe,
|c 1947-1982.
|
| 300 |
|
|
|a 7v in 8 :
|b ill. ports.
|
| 505 |
0 |
|
|a v.1 Fruhe Jugend und baslerisches Erbe -- v.2 Das Erlebnis der geschichtlichen Welt -- v.3 Die Zeit der klassischen Werke -- v.4 Das historische Amt und die spaten Reisen -- v.5 Das neuere Europa und das Erlebnis der Gegenwart -- v.6 1-2 Weltgeschichte-Mittelalter-Kunstgeschichte-die letzten Jahre 1886-1897 -- v.7 Griechische Kulturgeschichte das Leben im Stadtstaat.
|
| 600 |
1 |
0 |
|a Burckhardt, Jakob Christoph,
|d 1818-1897.
|
| 650 |
|
0 |
|a Historians
|z Germany
|x Biography.
|
| 852 |
8 |
|
|b CARM
|h A2:AF07E0
|i C00892
|p 0057077
|f BK
|
| 852 |
8 |
|
|b CARM
|h A2:AF07E0
|i C00892
|p 0057078
|f BK
|
| 852 |
8 |
|
|b CARM
|h A2:AF07E0
|i C00892
|p 0057079
|f BK
|
| 852 |
8 |
|
|b CARM
|h A2:AF07E0
|i C00892
|p 0057080
|f BK
|
| 852 |
8 |
|
|b CARM
|h A2:AF07E0
|i C00892
|p 0057081
|f BK
|
| 852 |
8 |
|
|b CARM
|h A2:AF07E0
|i C00892
|p 0057082
|f BK
|
| 852 |
8 |
|
|b CARM
|h A2:AF07E0
|i C00892
|p 0057083
|f BK
|
| 852 |
8 |
|
|b CARM
|h A2:AF07E0
|i C00892
|p 0057084
|f BK
|
| 999 |
f |
f |
|i 63bfd5e4-d45f-5811-87da-6709ebd5a74d
|s 0d657d58-a5e8-52aa-b9bc-79db0e20b96c
|
| 952 |
f |
f |
|p Can circulate
|a CAVAL
|b CAVAL
|c CAVAL
|d CARM 1 Store
|e C00892
|f A2:AF07E0
|h Other scheme
|i book
|j Bd.3 held
|m 0057079
|
| 952 |
f |
f |
|p Can circulate
|a CAVAL
|b CAVAL
|c CAVAL
|d CARM 1 Store
|e C00892
|f A2:AF07E0
|h Other scheme
|i book
|j Bd.2 held
|m 0057078
|
| 952 |
f |
f |
|p Can circulate
|a CAVAL
|b CAVAL
|c CAVAL
|d CARM 1 Store
|e C00892
|f A2:AF07E0
|h Other scheme
|i book
|j Bd.5 held
|m 0057081
|
| 952 |
f |
f |
|p Can circulate
|a CAVAL
|b CAVAL
|c CAVAL
|d CARM 1 Store
|e C00892
|f A2:AF07E0
|h Other scheme
|i book
|j Bd.4 held
|m 0057080
|
| 952 |
f |
f |
|p Can circulate
|a CAVAL
|b CAVAL
|c CAVAL
|d CARM 1 Store
|e C00892
|f A2:AF07E0
|h Other scheme
|i book
|j Bd.1 held
|m 0057077
|
| 952 |
f |
f |
|p Can circulate
|a CAVAL
|b CAVAL
|c CAVAL
|d CARM 1 Store
|e C00892
|f A2:AF07E0
|h Other scheme
|i book
|j Bd.7 held
|m 0057084
|
| 952 |
f |
f |
|p Can circulate
|a CAVAL
|b CAVAL
|c CAVAL
|d CARM 1 Store
|e C00892
|f A2:AF07E0
|h Other scheme
|i book
|j Bd.6 pt.2 held
|m 0057083
|
| 952 |
f |
f |
|p Can circulate
|a CAVAL
|b CAVAL
|c CAVAL
|d CARM 1 Store
|e C00892
|f A2:AF07E0
|h Other scheme
|i book
|j Bd.6 pt.1 held
|m 0057082
|